Energetická bezpečnosť - kľúčový faktor konkurencieschopnosti Európskej únie (determinanty pre slovenskú ekonomiku)
Závislosť svetového hospodárstva na dostupnosti energetických zdrojov. Prenášanie rastu cien ropy a zemného plynu do priemyslu všetkých národných ekonomík. Rast globálneho celosvetového dopytu, zmeny v klimatických podmienkach a pokles zásob fosílnych palív. Príčiny týchto zmien. Možné riešenie v du...
Uložené v:
| Hlavný autor: | |
|---|---|
| Médium: | Kapitola |
| Jazyk: | Slovak |
| Predmet: | |
| Tagy: |
Žiadne tagy, Buďte prvý, kto otaguje tento záznam!
|
MARC
| LEADER | 00000nla$a2200000$$$4500 | ||
|---|---|---|---|
| 001 | 0084127 | ||
| 005 | 20240502071940.3 | ||
| 041 | 0 | |a slo | |
| 044 | |a SK | ||
| 245 | 1 | 0 | |a Energetická bezpečnosť - kľúčový faktor konkurencieschopnosti Európskej únie (determinanty pre slovenskú ekonomiku) |c Peter Baláž |
| 520 | |a Závislosť svetového hospodárstva na dostupnosti energetických zdrojov. Prenášanie rastu cien ropy a zemného plynu do priemyslu všetkých národných ekonomík. Rast globálneho celosvetového dopytu, zmeny v klimatických podmienkach a pokles zásob fosílnych palív. Príčiny týchto zmien. Možné riešenie v duchu princípov Európskej únie. Výhľady pre Slovensko - potreba koordinácie energetickej politiky s politikou EÚ. | ||
| 610 | 2 | 0 | |a energetika |
| 610 | 2 | 0 | |a zdroje energetické |
| 610 | 2 | 0 | |a spotreba |
| 610 | 2 | 0 | |a konkurencieschopnosť |
| 610 | 2 | 0 | |a bezpečnosť |
| 610 | 2 | 0 | |a globalizácia |
| 610 | 2 | 0 | |a Európska únia |
| 610 | 2 | 0 | |a Slovensko |
| 100 | 1 | |a Baláž, Peter | |